000 00795nas a2200253Ia 4500
001 R002/39330
003 IT-RoPAU
008 151124c99999999xx |||||||||||| ||und||
040 _aIT-RoPAU
040 _cIT-RoPAU
041 _aITALIANO
100 _aQueval Jean
_gCodice Aut. SPICS: 909
210 _aBIANCO E NERO
222 _aBianco E Nero
245 _aBIANCO E NERO, ANNO 11-N.07-LUGLIO 1950
_bMarcel Carne'
250 _a1a ed.
260 _aROMA
_bATENEO
_c1950
501 _bPaulus - SPICS - Società San Paolo EM (non-commercial uses only)
_cCopyright2015
300 _a15 p. [9-23]
362 _aANNO 011, N.07-LUGLIO 1950
500 _aSaggio-Sul-Regista Prime-Armi Scena-E-Scenografia Mitologia-Psicologia
650 _aCINEMA
_vPUBBLICAZIONE PERIODICA
942 _cCR
999 _c129169
_d129169